Financial success : through the power of creative throught

Bibliographic Details
Main Author: Wattles, Wallace Delois
Format: Book
Published: Vermaut : Destiuy Books , 1976
Subjects:

MARC

LEADER 00000cam a2200000 7i4500
001 0000006037
002 000006524
005 20000330.0
020 |a 0892810289 
090 0 0 |a 650.12   |b WAT 
100 1 |a Wattles, Wallace Delois 
245 1 0 |a Financial success :   |b through the power of creative throught   |c Wallace D. Waitles 
260 |a Vermaut :   |b Destiuy Books ,   |c 1976 
300 |a 140p. ;   |c 20cm. 
650 0 0 |a Success 
650 0 0 |a Wealth 
999 |a 037865   |b BUKU   |c PINJAMAN   |e PERPUSTAKAAN KOMUNITI PETALING JAYA